Antología de Teólogos Contemporáneos
Kaydedildi:
| Yazar: | |
|---|---|
| Diğer Yazarlar: | , |
| Materyal Türü: | Kitap |
| Dil: | İngilizce |
| Baskı/Yayın Bilgisi: |
Barcelona, España:
Kairós,
1969
|
| Edisyon: | Primera edición |
| Seri Bilgileri: | Kairós - teología
|
| Konular: | |
| Etiketler: |
Etiketle
Etiket eklenmemiş, İlk siz ekleyin!
|
MARC
| LEADER | 00000nam a22000007a 4500 | ||
|---|---|---|---|
| 003 | CL-VaPUC | ||
| 005 | 20220718120009.0 | ||
| 008 | 220422b1969 ||||| |||| 00| 0 eng d | ||
| 999 | |c 435474 |d 435472 | ||
| 040 | |c Pontificia Universidad Católica de Valparaíso | ||
| 082 | 0 | 4 | |2 22 |a 230.2 BOW 1969 |
| 100 | 1 | |a Bowden, John |e selección |9 868722 | |
| 245 | 1 | 0 | |a Antología de Teólogos Contemporáneos |
| 246 | |a A Reader in Comtemporary Theology | ||
| 250 | |a Primera edición | ||
| 260 | |a Barcelona, España: |b Kairós, |c 1969 | ||
| 300 | |a 217 páginas | ||
| 490 | 0 | |a Kairós - teología | |
| 500 | |a C1. Donación Facultad de Teología, libro pertenciente a la Profesora Eugenia Colomer (Q.E.P.D). Correo en papel 01/04/2022 | ||
| 505 | |a Barth, Bonhoeffer, Bultmann, Rahner, Schillebeeckx, Teilhard de Chardin, Tillich y otros. | ||
| 583 | |c 20220422 |k Catalogador Asistente | ||
| 650 | 1 | |a Teología dogmática |y Siglo 20 |x Ensayos |9 870763 | |
| 650 | 1 | |a Religión y ciencia |y Siglo 20 |x Colección de escritos |9 870764 | |
| 700 | |a Richmond, James |e introducción |9 868723 | ||
| 700 | |a Lana, José Luis |e traducción |9 870765 | ||
| 942 | |2 ddc |c BK | ||
| 952 | |0 0 |1 0 |2 ddc |4 0 |6 230_200000000000000_BOW_1969 |7 0 |8 A |9 582742 |a BIBTEO |b BIBTEO |c GEN |d 2022-04-22 |e Donación |i 5650902 |o 230.2 BOW 1969 |p 5650902 |r 2025-01-17 |t 1 |w 2022-04-22 |y BK |k ICR | ||